Constrained Markov decision processes

Αποθηκεύτηκε σε:
Λεπτομέρειες βιβλιογραφικής εγγραφής
Κύριος συγγραφέας: Altman, Eitan
Μορφή: Βιβλίο
Γλώσσα:English
Δημοσίευση: Boca Raton ; London : Chapman & Hall/CRC, c1999
Σειρά:Stochastic modeling
Θέματα:
Ετικέτες: Προσθήκη ετικέτας
Δεν υπάρχουν, Καταχωρήστε ετικέτα πρώτοι!

MARC

LEADER 00000nam a2200000 i 4500
001 1/104951
008 000320s1999 eng d
020 |a 0849303826 
035 |l 10059050 
040 |a GR-MY-UA  |b gre  |e aacr 
041 0 |a eng 
082 0 |a 519.233  |2 (22) 
100 1 |a Altman, Eitan. 
245 1 0 |a Constrained Markov decision processes /  |c Eitan Altman 
260 |a Boca Raton ; London :   |b Chapman & Hall/CRC,   |c c1999 
300 |a 242 p.;  |b ill.;  |c 24 cm. 
490 1 |a Stochastic modeling 
504 |a Περιλαμβάνει βιβλιογραφικές παραπομπές και ευρετήριο 
650 0 0 |a Markov processes. 
650 0 0 |a Dynamic programming. 
650 0 0 |a Statistical decision. 
830 0 |a Stochastic modeling 
852 |a INST  |b CHIOS  |e 20070806  |h 519.233 ALT  |p 005200025680  |q 005200025680  |t BK  |y 0 
852 |a INST  |b SAMOS  |e 20000320  |h 519.233 ALT  |p 005300015454  |q 005300015454  |t BK  |y 0 
901 |a BIBL3-2000-1 
901 |a BIBL2-2007-2 
909 |a Σ  |b 067667 
909 |a Χ  |b 137196 
922 |a 3ΕΛΗ  |b 200002  |c ΕΠΕΑΕΚ/ΜΑΘ  |d ΠΑΠΑΣΩΤΗΡΙΟΥ 
922 |a 2ΕΛΗ  |b 200707  |c ΕΠΕΑΕΚ2/ΤΜΟΔ  |d ΕΛΕΥΘΕΡΟΥΔΑΚΗΣ 
970 |a ΓΕΝΟΥΖΟΥ  |b ΧΡΥΣΑΝΘΗ  |z 2000/03/20